Cambridge primary Science skills builder 2 / (Record no. 3418)
[ view plain ]
| 000 -LEADER | |
|---|---|
| fixed length control field | 01414nam a22002417a 4500 |
| 001 - CONTROL NUMBER | |
| control field | 3418 |
| 003 - CONTROL NUMBER IDENTIFIER | |
| control field | FISKH |
| 005 - DATE AND TIME OF LATEST TRANSACTION | |
| control field | 20251030163125.0 |
| 008 - FIXED-LENGTH DATA ELEMENTS--GENERAL INFORMATION | |
| fixed length control field | 240304b cb ||||| |||| 00| 0 eng d |
| 020 ## - INTERNATIONAL STANDARD BOOK NUMBER | |
| International Standard Book Number | 9781316611012 |
| 040 ## - CATALOGING SOURCE | |
| Original cataloging agency | FISKH |
| Language of cataloging | eng |
| Transcribing agency | FISKH |
| Modifying agency | FISKH |
| 050 ## - LIBRARY OF CONGRESS CALL NUMBER | |
| Classification number | PZ7 |
| 082 ## - DEWEY DECIMAL CLASSIFICATION NUMBER | |
| Classification number | 421 |
| 100 ## - MAIN ENTRY--PERSONAL NAME | |
| Personal name | Board, Jon |
| 245 ## - TITLE STATEMENT | |
| Title | Cambridge primary Science skills builder 2 / |
| Statement of responsibility, etc. | Jon Board and Alan Cross |
| 260 ## - PUBLICATION, DISTRIBUTION, ETC. | |
| Place of publication, distribution, etc. | New York : |
| Name of publisher, distributor, etc. | Cambridge, |
| Date of publication, distribution, etc. | 2016. |
| 300 ## - PHYSICAL DESCRIPTION | |
| Extent | 52 pages : |
| Other physical details | illustrations ; |
| Dimensions | 28 cm |
| 520 ## - SUMMARY, ETC. | |
| Summary, etc. | The Challenge and Skills Builders are differentiated activity books to be used alongside the Cambridge Primary Science course. Cambridge Primary Science is a flexible and engaging course written specifically for the Cambridge Primary Science Curriculum Stages 1 to 6. The course uses an enquiry-led approach that helps pupils to think and work scientifically. Skills Builders provide consolidation activities for children who need extra learning opportunities to meet the standard for success. They also focus on scientific literacy for ESL children who find this a barrier to learning. A full range of activities help raise a child's scientific literacy and understanding to match their peers, with teacher/parental guidance on key scientific methods and concepts before each exercise. |
| 650 ## - SUBJECT ADDED ENTRY--TOPICAL TERM | |
| Topical term or geographic name entry element | Science |
| 700 ## - ADDED ENTRY--PERSONAL NAME | |
| Personal name | Cross, Alan |
| Relator term | Author |
| 942 ## - ADDED ENTRY ELEMENTS (KOHA) | |
| Source of classification or shelving scheme | Dewey Decimal Classification |
| Koha item type | Books |
| Suppress in OPAC | No |
| Withdrawn status | Lost status | Source of classification or shelving scheme | Damaged status | Not for loan | Collection | Home library | Current library | Shelving location | Date acquired | Total Checkouts | Full call number | Barcode | Date last seen | Copy number | Price effective from | Koha item type |
|---|---|---|---|---|---|---|---|---|---|---|---|---|---|---|---|---|
| Dewey Decimal Classification | Non-Fiction | Footprints International School Library Network Toul Kork Campus | Footprints International School Library Network Toul Kork Campus | 03/04/2024 | BOA 421 PZ7 | 2024-0181 | 03/04/2024 | 1 | 03/04/2024 | Books | ||||||
| Dewey Decimal Classification | Non-Fiction | Footprints International School Library Network Toul Tom Poung Campus | Footprints International School Library Network Toul Tom Poung Campus | Librarian's Shelf TTP | 10/30/2025 | BOA 421 PZ7 | 2025-4769 | 10/30/2025 | 2 | 10/30/2025 | Books |
